Statistics for I ile biten ülkeler

Click here to take the quiz!

General Stats

  • This quiz has been taken 162 times
  • The average score is 4 of 14

Answer Stats

ülke% Correct
Kiribati
49%
Şili
43%
Fiji
39%
Mali
33%
Somali
32%
Cibuti
30%
Haiti
29%
Brunei
27%
Malavi
24%
Burundi
20%
Esvatini
20%
Orta Afrika Cumhuriyeti
19%
Dominik Cumhuriyeti
18%
Kongo Cumhuriyeti
8%

Score Distribution

Percentile by Number Answered

Percent of People with Each Score

Your Score History

You have not taken this quiz